Planning policy guidance note 25: development and flood risk (Record no. 101554)

MARC details
000 -LEADER
fixed length control field 01574cam a2200325 4500
008 - FIXED-LENGTH DATA ELEMENTS--GENERAL INFORMATION
fixed length control field 010724n2001 000 0 eng u
020 ## - INTERNATIONAL STANDARD BOOK NUMBER
International Standard Book Number 0117536113
035 ## - SYSTEM CONTROL NUMBER
System control number (Sirsi) u113728
050 ## - LIBRARY OF CONGRESS CALL NUMBER
Classification number 711.026
110 ## - MAIN ENTRY--CORPORATE NAME
Corporate name or jurisdiction name as entry element Department for Transport, Local Government and the Regions
9 (RLIN) 4091
245 ## - TITLE STATEMENT
Title Planning policy guidance note 25: development and flood risk
260 ## - PUBLICATION, DISTRIBUTION, ETC.
Place of publication, distribution, etc. London
Name of publisher, distributor, etc. Stationery Office
Date of publication, distribution, etc. 2001
300 ## - PHYSICAL DESCRIPTION
Extent 60p.
Dimensions 30 cm.
350 ## - PRICE (NR) (BK AM CF MU VM SE) [OBSOLETE]
Price 11.00
490 ## - SERIES STATEMENT
Series statement PPG
Volume/sequential designation 25
520 ## - SUMMARY, ETC.
Summary, etc. Sets out how flood risk, precautionary measures and climate change should be considered at all stages of the planning and development process, and the importance attached to this by the Government. Explains the responsibilities of the various parties and the role played by the planning system in ensuring that new developments are not unnecessarily exposed to flooding. Also outlines the way in which flood risk issues should be addressed in regional planning guidance, development plans and planning applications. Replaces DoE Circular 30/92 (MAFF Circular FD1/92).
520 ## - SUMMARY, ETC.
Summary, etc. Superseded by "Planning Policy Statement 25: development and flood risk" (ISBN 0117539740).
650 ## - SUBJECT ADDED ENTRY--TOPICAL TERM
Topical term or geographic name entry element DEVELOPMENT PLANS
650 ## - SUBJECT ADDED ENTRY--TOPICAL TERM
Topical term or geographic name entry element FLOOD RISK
650 ## - SUBJECT ADDED ENTRY--TOPICAL TERM
Topical term or geographic name entry element FLOODS
650 ## - SUBJECT ADDED ENTRY--TOPICAL TERM
Topical term or geographic name entry element FLOODING
650 ## - SUBJECT ADDED ENTRY--TOPICAL TERM
Topical term or geographic name entry element PLANNING APPLICATIONS
650 ## - SUBJECT ADDED ENTRY--TOPICAL TERM
Topical term or geographic name entry element PLANNING DECISIONS
650 ## - SUBJECT ADDED ENTRY--TOPICAL TERM
Topical term or geographic name entry element PLANNING GUIDANCE
650 ## - SUBJECT ADDED ENTRY--TOPICAL TERM
Topical term or geographic name entry element PLANNING SYSTEM
650 ## - SUBJECT ADDED ENTRY--TOPICAL TERM
Topical term or geographic name entry element PPG25
650 ## - SUBJECT ADDED ENTRY--TOPICAL TERM
Topical term or geographic name entry element REGIONAL PLANNING GUIDANCE
690 ## - LOCAL SUBJECT ADDED ENTRY--TOPICAL TERM (OCLC, RLIN)
Topical term or geographic name as entry element ENVIRONMENTAL AND LAND CONSULTANCY-PLANNING AND DEVELOPMENT
942 ## - ADDED ENTRY ELEMENTS (KOHA)
Suppress in OPAC 0
Holdings
Withdrawn status Lost status Source of classification or shelving scheme Damaged status Not for loan Home library Current library Shelving location Date acquired Cost, normal purchase price Total Checkouts Full call number Barcode Date last seen Copy number Cost, replacement price Price effective from Koha item type
    Dewey Decimal Classification     London London Basement 03/08/2001 9.35   BASEMENT 30064758 06/08/2019 1 9.35 06/08/2019 Reference material